[Event "10th Edmonton International 2015"]
[Site "Edmonton CAN"]
[Date "2015.06.22"]
[Round "3"]
[White "Hambleton, A."]
[Black "Matras Clement, A."]
[Result "1-0"]
[WhiteElo "2446"]
[BlackElo "2269"]
[PlyCount "91"]
[EventDate "2015.06.20"]

1. d4 d5 2. c4 c6 3. Nf3 Nf6 4. e3 Bf5 5. Nc3 e6 6. Nh4 Bg6 7. Nxg6 hxg6 8. Bd3
dxc4 9. Bxc4 Nbd7 10. O-O Bd6 11. h3 Qe7 12. Qc2 g5 13. e4 Nh5 14. e5 Bc7 15.
Ne4 Nf4 16. a4 O-O-O 17. b3 f6 18. Ba3 Qf7 19. Nd6+ Bxd6 20. Bxd6 fxe5 21. Qe4
Nf6 22. Qxe5 N6d5 23. Rae1 Rh6 24. Bc5 Nxg2 25. Bxa7 Nxe1 26. Qb8+ Kd7 27.
Qxb7+ Ke8 28. Qxc6+ Kf8 29. Bc5+ Kg8 30. Rxe1 Nf4 31. Re3 Qf5 32. Qc7 Re8 33.
Qd7 Qf7 34. Qxf7+ Kxf7 35. Bf1 Reh8 36. a5 g4 37. a6 gxh3 38. Kh2 g5 39. a7 Rf6
40. Bd6 g4 41. Bb8 Nd5 42. a8=Q g3+ 43. Rxg3 Rxf2+ 44. Kh1 Rxf1+ 45. Rg1 Rf2
46. Qb7+ 1-0

[Event "Capablanca Memorial 2015"]
[Site "Havana CUB"]
[Date "2015.06.22"]
[Round "7"]
[White "Bruzon Batista, Lazaro"]
[Black "Andreikin, Dmitry"]
[Result "1/2-1/2"]
[WhiteElo "2677"]
[BlackElo "2718"]
[PlyCount "47"]
[EventDate "2015.06.15"]

1. Nf3 d5 2. g3 Nf6 3. Bg2 Nbd7 4. c4 c6 5. cxd5 cxd5 6. d4 e6 7. Bf4 Qb6 8.
Qc2 Bd6 9. O-O O-O 10. Nc3 Bxf4 11. gxf4 Nb8 12. Rac1 Bd7 13. e3 Bc6 14. Ne5
Nbd7 15. Nxc6 Qxc6 16. Qd2 Qa6 17. Rc2 Nb6 18. b3 Rac8 19. Rfc1 Qa5 20. Nb1
Qxd2 21. Nxd2 Rxc2 22. Rxc2 Rc8 23. Rxc8+ Nxc8 24. Bf1 1/2-1/2

[Event "Capablanca Memorial 2015"]
[Site "Havana CUB"]
[Date "2015.06.22"]
[Round "7"]
[White "Dominguez Perez, Leinier"]
[Black "Nepomniachtchi, Ian"]
[Result "0-1"]
[WhiteElo "2746"]
[BlackElo "2720"]
[PlyCount "122"]
[EventDate "2015.06.15"]

1. d4 Nf6 2. c4 g6 3. Nc3 d5 4. Bf4 Bg7 5. e3 O-O 6. Rc1 Be6 7. cxd5 Nxd5 8.
Nxd5 Qxd5 9. b3 c6 10. Nf3 Nd7 11. Qd2 Nb6 12. Be2 Rfc8 13. Ng5 Rd8 14. O-O Bf5
15. Bc7 Rf8 16. Bg3 Rfd8 17. Bc7 Rf8 18. Rfd1 Qd7 19. Bg3 Rfd8 20. Qa5 Bg4 21.
Nf3 Qe8 22. h3 Be6 23. Bc7 Rd5 24. Qb4 Rd7 25. Bxb6 axb6 26. Qxb6 Rxa2 27. Bc4
Bxc4 28. bxc4 Ra6 29. Qb1 Qd8 30. c5 Ra5 31. Qc2 Qc7 32. Ra1 e5 33. Rxa5 Qxa5
34. dxe5 Rxd1+ 35. Qxd1 Qxc5 36. Qd7 h6 37. Qc8+ Kh7 38. Qxb7 Qc1+ 39. Kh2 Qc4
40. Qe7 Qa2 41. Kg3 Qd5 42. Qd6 Qe4 43. Qd4 Qf5 44. Kh2 Qe6 45. g4 Qe8 46. Kg2
Kg8 47. Qe4 c5 48. Qd5 Qe7 49. h4 Bf8 50. h5 gxh5 51. gxh5 Qe8 52. Nd2 Qc8 53.
Qe4 Bg7 54. Nc4 Qe6 55. f3 Qa6 56. f4 Qa2+ 57. Kf1 Qa6 58. Kf2 Qa2+ 59. Kf1 Qa6
60. Ke1 Qa1+ 61. Ke2 Qa6 0-1

[Event "Capablanca Memorial 2015"]
[Site "Havana CUB"]
[Date "2015.06.22"]
[Round "7"]
[White "Eljanov, Pavel"]
[Black "Yu, Yangyi"]
[Result "1/2-1/2"]
[WhiteElo "2718"]
[BlackElo "2715"]
[PlyCount "138"]
[EventDate "2015.06.15"]

1. c4 Nf6 2. Nc3 e6 3. e4 d5 4. cxd5 exd5 5. e5 Ne4 6. Nf3 Bf5 7. Be2 Nc6 8. d4
Bb4 9. Bd2 O-O 10. O-O Nxd2 11. Qxd2 f6 12. a3 Ba5 13. b4 Bb6 14. exf6 Rxf6 15.
Na4 Be4 16. Nxb6 axb6 17. Ne5 Qd6 18. f3 Bg6 19. Qe3 Rff8 20. Rac1 Nxe5 21.
dxe5 Qe7 22. f4 Rad8 23. Qd4 Be4 24. Rc3 Rc8 25. b5 c5 26. bxc6 bxc6 27. Qxb6
c5 28. Bg4 Rc7 29. Be6+ Kh8 30. f5 c4 31. Rd1 Bxf5 32. Bxf5 Rxf5 33. Rxd5 Rc8
34. Qd4 Rcf8 35. h3 Rf4 36. Qc5 Qh4 37. Kh2 Rf2 38. Rg3 Qf4 39. Rd1 Re2 40. e6
Rxe6 41. Rd4 Qb8 42. Rxc4 Rg6 43. Qc7 Rxg3 44. Qxg3 Qxg3+ 45. Kxg3 h6 46. a4
Rf1 47. a5 Ra1 48. Rc5 Ra4 49. Kf3 Kh7 50. Rb5 Kg6 51. Rb6+ Kh5 52. a6 Kh4 53.
Rg6 h5 54. Re6 g5 55. Kf2 Ra2+ 56. Kg1 g4 57. hxg4 hxg4 58. Kf1 Kg3 59. Rg6
Rf2+ 60. Ke1 Rxg2 61. a7 Ra2 62. Rg7 Kf3 63. Rf7+ Kg3 64. Rg7 Ra6 65. Ke2 Ra1
66. Ke3 Ra4 67. Ke2 Ra3 68. Kf1 Ra2 69. Ke1 Ra1+ 1/2-1/2

[Event "Asrian Memorial 2015"]
[Site "Yerevan ARM"]
[Date "2015.06.16"]
[Round "1"]
[White "Mamyrbay, Assad"]
[Black "Korobov, Anton"]
[Result "0-1"]
[WhiteElo "2153"]
[BlackElo "2698"]
[PlyCount "112"]
[EventDate "2015.06.16"]

1. e4 c5 2. Nf3 Nc6 3. d4 cxd4 4. Nxd4 Qb6 5. Nb3 Nf6 6. Nc3 e6 7. Be3 Qc7 8.
Bd3 Be7 9. O-O O-O 10. f4 d6 11. Qf3 a6 12. a4 b6 13. Kh1 Bb7 14. Rae1 Nb4 15.
Nd4 Nd7 16. Bd2 Nc5 17. Ncb5 axb5 18. Nxb5 Qd7 19. Bxb4 Nxd3 20. Qxd3 Rxa4 21.
Bxd6 Bxd6 22. b3 Rxe4 23. Nxd6 Rxe1 24. Rxe1 Bd5 25. Nc4 Qc7 26. Ne3 Bc6 27.
Qc4 b5 28. Qb4 Rd8 29. Rd1 Rxd1+ 30. Nxd1 h5 31. Ne3 Qa7 32. Qc3 Be4 33. h3 f6
34. Qd2 Qc7 35. Qf2 Qc3 36. Qe2 Kf8 37. Kg1 h4 38. Kf1 f5 39. Qe1 Qxe1+ 40.
Kxe1 g5 41. fxg5 f4 42. Ng4 Bxg2 43. Ne5 Bxh3 44. Ng6+ Kf7 45. Nxh4 b4 46. Nf3
Kg6 47. Ne5+ Kxg5 48. Nd3 Bf5 49. Nxb4 e5 50. Kf2 e4 51. Nd5 Be6 52. Nc3 e3+
53. Ke1 f3 54. Nd1 Kf4 55. c4 Ke4 56. c5 Bxb3 0-1

[Event "Asrian Memorial 2015"]
[Site "Yerevan ARM"]
[Date "2015.06.17"]
[Round "2"]
[White "Korobov, Anton"]
[Black "Nadanian, Ashot"]
[Result "0-1"]
[WhiteElo "2698"]
[BlackElo "2380"]
[PlyCount "76"]
[EventDate "2015.06.16"]

1. d4 Nf6 2. Nf3 e6 3. c4 Bb4+ 4. Nbd2 b6 5. a3 Bxd2+ 6. Qxd2 Bb7 7. e3 O-O 8.
b4 a5 9. b5 d6 10. Be2 Nbd7 11. O-O Ne4 12. Qc2 f5 13. Bb2 Rf6 14. c5 Bd5 15.
Bc4 Bxc4 16. Qxc4 Rh6 17. c6 Nf8 18. Rfd1 Kh8 19. Qe2 Qe7 20. Nd2 Qh4 21. Nf1
Re8 22. f3 Ng5 23. Bc3 Qh5 24. Ra2 Ng6 25. Be1 f4 26. Bd2 Rf8 27. Re1 fxe3 28.
Bxe3 Nf4 29. Qd1 Nxg2 30. Kxg2 Nxf3 31. Bxh6 Nxe1+ 32. Qxe1 Qd5+ 33. Kg1 Qxa2
34. Bc1 Qc4 35. d5 Qxd5 36. Qe2 Qc5+ 37. Be3 Qxa3 38. Bd4 e5 0-1

[Event "Asrian Memorial 2015"]
[Site "Yerevan ARM"]
[Date "2015.06.18"]
[Round "3"]
[White "Hairapetian, Anna"]
[Black "Korobov, Anton"]
[Result "0-1"]
[WhiteElo "2178"]
[BlackElo "2698"]
[PlyCount "86"]
[EventDate "2015.06.16"]

1. d4 Nf6 2. Nf3 e6 3. Bg5 c5 4. e3 Qb6 5. Qc1 Nc6 6. c3 d5 7. Bd3 Bd7 8. Nbd2
Rc8 9. O-O h6 10. Bh4 Nh5 11. Ne5 Nxe5 12. dxe5 g5 13. Be2 Ng7 14. Bg3 Nf5 15.
e4 Nxg3 16. fxg3 Bg7 17. exd5 exd5 18. c4 Bxe5 19. cxd5 Qxb2 20. Qxb2 Bxb2 21.
Rab1 Bd4+ 22. Kh1 b6 23. Ba6 Rd8 24. Rbe1+ Kf8 25. Nc4 Be8 26. d6 Rg8 27. Re7
Rg6 28. Rxa7 b5 29. Na3 Rdxd6 30. Bxb5 Rgf6 31. Re1 Rde6 32. Rd1 Kg7 33. Bc4
Re4 34. Nc2 Bf2 35. Bd3 Rd6 36. Ra6 Rd8 37. Ra8 Rxa8 38. Bxe4 Rxa2 39. g4 Ba4
40. Rc1 Bxc2 41. Bxc2 Be3 42. Bb1 Rb2 43. Re1 Bd2 0-1

[Event "Asrian Memorial 2015"]
[Site "Yerevan ARM"]
[Date "2015.06.19"]
[Round "4"]
[White "Korobov, Anton"]
[Black "Morchiashvili, Bachana"]
[Result "1-0"]
[WhiteElo "2698"]
[BlackElo "2317"]
[PlyCount "81"]
[EventDate "2015.06.16"]

1. d4 Nf6 2. c4 e6 3. Nc3 Bb4 4. e3 O-O 5. Bd3 c5 6. Nf3 d5 7. O-O cxd4 8. exd4
dxc4 9. Bxc4 b6 10. Qe2 Bb7 11. Rd1 Bxc3 12. bxc3 Nbd7 13. Bb3 Nd5 14. Bd2 Qc7
15. c4 Nf4 16. Qe3 e5 17. d5 Qd6 18. g3 Ng6 19. Ng5 Kh8 20. a3 a5 21. Ne4 Qe7
22. Qg5 Qxg5 23. Bxg5 f5 24. Ba4 Bc8 25. Bc6 Rb8 26. Nd6 Nc5 27. Bd8 Rxd8 28.
Nf7+ Kg8 29. Nxd8 f4 30. d6 Kf8 31. Bd5 Bd7 32. Nc6 Rc8 33. Na7 Rd8 34. Rab1
Ba4 35. Re1 Bb3 36. Nc6 Rxd6 37. Nxe5 b5 38. Nxg6+ hxg6 39. Re5 a4 40. Rbe1 Rd8
41. Bc6 1-0

[Event "Asrian Memorial 2015"]
[Site "Yerevan ARM"]
[Date "2015.06.20"]
[Round "5"]
[White "Shahinyan, David"]
[Black "Korobov, Anton"]
[Result "0-1"]
[WhiteElo "2455"]
[BlackElo "2698"]
[PlyCount "94"]
[EventDate "2015.06.16"]

1. c4 c5 2. Nc3 g6 3. g3 Bg7 4. Bg2 Nc6 5. e4 e6 6. Nge2 Nge7 7. O-O O-O 8. d3
d6 9. Rb1 b6 10. a3 Bb7 11. b4 Qd7 12. Be3 Nd4 13. Qd2 f5 14. Bh6 Bxh6 15. Qxh6
Nec6 16. Qe3 Ne5 17. Nxd4 Ng4 18. Qg5 cxd4 19. Ne2 e5 20. h3 Nf6 21. exf5 Bxg2
22. Kxg2 Qxf5 23. Qxf5 gxf5 24. f4 Nd7 25. g4 fxg4 26. hxg4 a5 27. fxe5 dxe5
28. Rxf8+ Kxf8 29. Kf3 axb4 30. axb4 Ke7 31. Rh1 Rf8+ 32. Ke4 Rf2 33. Kd5 Nf6+
34. Kc6 Rxe2 35. g5 Ng4 36. Rxh7+ Ke6 37. Kxb6 e4 38. c5 exd3 39. c6 Rc2 40. c7
d2 41. Rh1 Kd7 42. g6 Rc6+ 43. Kb5 Rc1 44. Rh7+ Kd6 45. g7 d1=Q 46. g8=Q Qd3+
47. Kb6 Rc6+ 0-1

[Event "Asrian Memorial 2015"]
[Site "Yerevan ARM"]
[Date "2015.06.21"]
[Round "6"]
[White "Korobov, Anton"]
[Black "Grigoryan, Karen H"]
[Result "1-0"]
[WhiteElo "2698"]
[BlackElo "2590"]
[PlyCount "103"]
[EventDate "2015.06.16"]

1. d4 Nf6 2. c4 g6 3. Nc3 Bg7 4. e4 d6 5. Be2 O-O 6. Bg5 c5 7. d5 e6 8. Nf3 h6
9. Be3 exd5 10. cxd5 Ng4 11. Bf4 f5 12. exf5 Bxf5 13. O-O g5 14. Bg3 Nf6 15.
Nd2 Qd7 16. Nc4 Ne8 17. Bh5 Nf6 18. Bxd6 Rc8 19. Re1 Bf8 20. Bg3 Nxh5 21. Qxh5
Na6 22. Ne4 Bg7 23. Rad1 Rf8 24. f3 Nb4 25. Ne5 Qe8 26. Qxe8 Raxe8 27. Nxc5 b6
28. Nb3 Nxa2 29. Nd4 Nb4 30. d6 Bxe5 31. Bxe5 Bd7 32. g4 Kf7 33. Kg2 Kg6 34.
Kg3 h5 35. h4 gxh4+ 36. Kxh4 hxg4 37. fxg4 Rf2 38. Nf5 Nc6 39. Kg3 Rc2 40. Nh4+
Kh7 41. Bc3 Rce2 42. Rxe2 Rxe2 43. Rh1 Kg8 44. Nf3 Kf7 45. Rh6 Bc8 46. Rh8 Be6
47. Ng5+ Kg6 48. Nxe6 Re3+ 49. Kh4 Rxe6 50. d7 Rd6 51. Rc8 Kf7 52. Rxc6 1-0

[Event "Asrian Memorial 2015"]
[Site "Yerevan ARM"]
[Date "2015.06.22"]
[Round "7"]
[White "Korobov, Anton"]
[Black "Hovhannisyan, Robert"]
[Result "1-0"]
[WhiteElo "2698"]
[BlackElo "2599"]
[PlyCount "87"]
[EventDate "2015.06.16"]

1. d4 d5 2. c4 c6 3. Nf3 Nf6 4. Nc3 e6 5. Bg5 h6 6. Bh4 dxc4 7. e4 g5 8. Bg3 b5
9. Be2 Bb4 10. Qc2 Bb7 11. O-O Nbd7 12. Rad1 Qe7 13. d5 cxd5 14. exd5 Nxd5 15.
Nxb5 O-O 16. Bxc4 a6 17. Bxd5 Bxd5 18. Nc7 Bxf3 19. gxf3 Rac8 20. Qa4 Nb8 21.
a3 Bc5 22. Nxa6 Nxa6 23. Qxa6 Qf6 24. b4 Be7 25. Qb7 Rfe8 26. Rd3 Bf8 27. b5 e5
28. Re1 Qg6 29. Rd7 Bxa3 30. Rxe5 Bf8 31. Rxe8 Rxe8 32. Qd5 h5 33. h3 Re6 34.
Kg2 Bg7 35. Rd6 g4 36. Rxe6 gxf3+ 37. Qxf3 fxe6 38. Kh2 Bd4 39. Qa8+ Kg7 40.
Qb7+ Qf7 41. Qc7 Kg6 42. b6 Qf3 43. b7 Bxf2 44. Qc2+ 1-0

[Event "Norway Chess 2015"]
[Site "Stavanger NOR"]
[Date "2015.06.23"]
[Round "7"]
[White "Hammer, J."]
[Black "Giri, A."]
[Result "1/2-1/2"]
[WhiteElo "2677"]
[BlackElo "2773"]
[PlyCount "121"]
[EventDate "2015.06.17"]

1. Nf3 g6 2. e4 d6 3. d4 Bg7 4. Nc3 Nf6 5. Be3 a6 6. Qd2 b5 7. Bh6 O-O 8. Bd3
Bg4 9. e5 dxe5 10. dxe5 Nh5 11. Bxg7 Nxg7 12. Be4 Bxf3 13. Bxf3 Qxd2+ 14. Kxd2
Ra7 15. Rad1 Nd7 16. Rhe1 Nb6 17. Bc6 Ne6 18. Kc1 Nd8 19. Be4 c5 20. Nd5 Nxd5
21. Bxd5 Ne6 22. g3 c4 23. Bxe6 fxe6 24. f4 Kf7 25. h4 h5 26. Rd4 Rc8 27. Red1
Ke8 28. c3 a5 29. Kc2 Rb7 30. Re4 b4 31. Rdd4 Rbc7 32. Kd2 Rc5 33. Kc2 R5c7 34.
a3 b3+ 35. Kd2 Rc5 36. Ke3 R8c7 37. Rd2 Rd5 38. Red4 Rxd4 39. Rxd4 Rc5 40. a4
Rc8 41. Re4 Kf7 42. Kd4 Kg7 43. Re2 Kf8 44. Rg2 Kg7 45. Rd2 Kf7 46. Ke4 Ke8 47.
Rd4 Rc5 48. Kf3 Kf7 49. Ke3 Ke8 50. Ke4 Rc7 51. Kf3 Rc5 52. Ke3 Rc8 53. Re4 Kf7
54. Kd4 Kg7 55. Re3 Kf7 56. Re2 Kf8 57. Rg2 Kg7 58. Ke3 Kf7 59. Rh2 Kf8 60. Kd4
Kf7 61. Rg2 1/2-1/2

[Event "Norway Chess 2015"]
[Site "Stavanger NOR"]
[Date "2015.06.23"]
[Round "7"]
[White "Topalov, V."]
[Black "Caruana, F."]
[Result "1/2-1/2"]
[WhiteElo "2798"]
[BlackElo "2805"]
[PlyCount "87"]
[EventDate "2015.06.17"]

1. d4 Nf6 2. c4 g6 3. g3 c6 4. Bg2 d5 5. cxd5 cxd5 6. Nf3 Bg7 7. Nc3 O-O 8. Ne5
e6 9. O-O Nfd7 10. Nf3 Nf6 11. Bf4 Nc6 12. Ne5 Nxe5 13. Bxe5 Bd7 14. Qd2 Qe7
15. Rac1 Bc6 16. Rc2 Rfd8 17. Rfc1 Ne8 18. Bxg7 Kxg7 19. e3 Nd6 20. Ne2 Bb5 21.
Nf4 Rac8 22. h4 Rxc2 23. Rxc2 Rc8 24. Rxc8 Nxc8 25. Qa5 Qd7 26. b3 b6 27. Qc3
Qc6 28. Qa1 Qc7 29. Bh3 Qc2 30. a4 Ba6 31. Qa3 Qd1+ 32. Kh2 Qd2 33. Bg2 h6 34.
a5 Qxa5 35. Qc1 Qb4 36. e4 Qxd4 37. exd5 e5 38. Ne6+ fxe6 39. Qc7+ Kf6 40. Qd8+
Kf7 41. Qd7+ Kf8 42. Qd8+ Kf7 43. Qd7+ Kf8 44. Qd8+ 1/2-1/2

[Event "Norway Chess 2015"]
[Site "Stavanger NOR"]
[Date "2015.06.23"]
[Round "7"]
[White "Vachier Lagrave, M."]
[Black "Carlsen, M."]
[Result "1/2-1/2"]
[WhiteElo "2723"]
[BlackElo "2876"]
[PlyCount "34"]
[EventDate "2015.06.17"]

1. d4 Nf6 2. c4 e6 3. Nf3 d5 4. Nc3 c6 5. Bg5 h6 6. Bh4 g5 7. Bg3 Ne4 8. Nxe4
dxe4 9. Nd2 Qxd4 10. e3 Qxb2 11. Rb1 Qc3 12. Be2 Nd7 13. O-O Nc5 14. Nb3 Nd3
15. Nd2 Nc5 16. Nb3 Nd3 17. Nd2 Nc5 1/2-1/2

[Event "Norway Chess 2015"]
[Site "Stavanger NOR"]
[Date "2015.06.23"]
[Round "7"]
[White "Aronian, L."]
[Black "Anand, V."]
[Result "1/2-1/2"]
[WhiteElo "2780"]
[BlackElo "2804"]
[PlyCount "39"]
[EventDate "2015.06.17"]

1. c4 Nf6 2. Nc3 e5 3. Nf3 Nc6 4. g3 Bb4 5. Bg2 O-O 6. O-O e4 7. Ng5 Bxc3 8.
bxc3 Re8 9. f3 exf3 10. Nxf3 Qe7 11. e3 Ne5 12. Nxe5 Qxe5 13. Rb1 Rb8 14. Rb5
Qe7 15. d3 d6 16. e4 Bg4 17. Bf3 Bh3 18. Bg2 Bg4 19. Bf3 Bh3 20. Bg2 1/2-1/2

[Event "Asrian Memorial 2015"]
[Site "Yerevan ARM"]
[Date "2015.06.23"]
[Round "8"]
[White "Oleksiyenko, Mykhaylo"]
[Black "Korobov, Anton"]
[Result "1/2-1/2"]
[WhiteElo "2629"]
[BlackElo "2698"]
[PlyCount "80"]
[EventDate "2015.06.16"]

1. e4 c5 2. Nf3 d6 3. d4 cxd4 4. Nxd4 Nf6 5. f3 e5 6. Nb3 Be6 7. c4 a5 8. Be3
Be7 9. Na3 O-O 10. Bd3 Nh5 11. O-O Bg5 12. Qd2 Bxe3+ 13. Qxe3 Nf4 14. Kh1 Nc6
15. Rfd1 a4 16. Nc1 Nxd3 17. Rxd3 Qa5 18. Ne2 Qc5 19. Qxc5 dxc5 20. Nc3 Nd4 21.
Re1 f6 22. Kg1 Kf7 23. Kf2 Ra6 24. Rd2 Ke7 25. Rc1 Rfa8 26. Ke3 Rd6 27. Nd5+
Kf7 28. Nc3 Bd7 29. Nab5 Bxb5 30. Nxb5 Nxb5 31. cxb5 Rxd2 32. Kxd2 Rd8+ 33. Ke2
b6 34. Rc4 Rd4 35. b3 axb3 36. axb3 Ke6 37. Ra4 Kf7 38. Ra7+ Kg6 39. Rb7 Rb4
40. Rxb6 Rxb3 1/2-1/2

[Event "Capablanca Memorial 2015"]
[Site "Havana CUB"]
[Date "2015.06.23"]
[Round "8"]
[White "Andreikin, Dmitry"]
[Black "Eljanov, Pavel"]
[Result "1/2-1/2"]
[WhiteElo "2718"]
[BlackElo "2718"]
[PlyCount "49"]
[EventDate "2015.06.15"]

1. e4 e5 2. Nf3 Nc6 3. Bb5 Nf6 4. O-O Nxe4 5. Re1 Nd6 6. Nxe5 Be7 7. Bf1 Nf5 8.
Nf3 O-O 9. d4 d5 10. c3 Re8 11. Bd3 Bd6 12. Rxe8+ Qxe8 13. Nbd2 Bd7 14. Nf1 b6
15. Ne3 Nxe3 16. Bxe3 f6 17. Qd2 Bg4 18. Ne1 Ne7 19. Bf4 Bxf4 20. Qxf4 Qd7 21.
Nc2 Bf5 22. Bxf5 Nxf5 23. Qg4 Rd8 24. Re1 a5 25. Ne3 1/2-1/2

[Event "Capablanca Memorial 2015"]
[Site "Havana CUB"]
[Date "2015.06.23"]
[Round "8"]
[White "Yu, Yangyi"]
[Black "Dominguez Perez, Leinier"]
[Result "1-0"]
[WhiteElo "2715"]
[BlackElo "2746"]
[PlyCount "97"]
[EventDate "2015.06.15"]

1. e4 c5 2. Nf3 d6 3. d4 cxd4 4. Nxd4 Nf6 5. Nc3 a6 6. Be3 Ng4 7. Bc1 Nf6 8.
Be3 Ng4 9. Bc1 Nc6 10. h3 Nf6 11. g4 Qb6 12. Nb3 e6 13. g5 Nd7 14. Bf4 Qc7 15.
Qd2 b5 16. O-O-O Nce5 17. Bg3 Rb8 18. f4 Nc4 19. Bxc4 bxc4 20. Nd4 Nc5 21. Rhe1
Qb6 22. b3 cxb3 23. axb3 Bb7 24. f5 Rc8 25. Kb1 Be7 26. f6 gxf6 27. gxf6 Bf8
28. Qe3 Nd7 29. Nd5 Qc5 30. Nxe6 Qxe3 31. Ng7+ Bxg7 32. fxg7 Qxb3+ 33. cxb3 Rg8
34. Ne3 Bxe4+ 35. Ka1 Kd8 36. Nc4 d5 37. Nd6 Rxg7 38. Rxd5 Rxg3 39. Nxe4 Rg6
40. Red1 Rc7 41. Nc5 Rxc5 42. Rxc5 Rb6 43. Kb2 Rb7 44. Rc6 Ke7 45. Ka3 f5 46.
Rd4 Ne5 47. Rxa6 Ng6 48. h4 Nf8 49. Rd5 1-0

[Event "Capablanca Memorial 2015"]
[Site "Havana CUB"]
[Date "2015.06.23"]
[Round "8"]
[White "Nepomniachtchi, Ian"]
[Black "Bruzon Batista, Lazaro"]
[Result "1-0"]
[WhiteElo "2720"]
[BlackElo "2677"]
[PlyCount "79"]
[EventDate "2015.06.15"]

1. e4 e5 2. Nf3 Nc6 3. d4 exd4 4. Nxd4 Bc5 5. Nxc6 Qf6 6. f4 dxc6 7. Nc3 Nh6 8.
f5 Bd7 9. Qf3 O-O-O 10. Bd2 Qe7 11. O-O-O f6 12. Bc4 Kb8 13. Qg3 Bd6 14. Bf4
Bxf4+ 15. Qxf4 Rde8 16. Qg3 Bc8 17. Rhe1 Qf8 18. Be6 Nf7 19. Bxf7 Qxf7 20. Qf4
Re5 21. Re3 Qe7 22. Red3 a5 23. a3 Re8 24. Qd2 b6 25. g4 Qf7 26. Kb1 Qf8 27. h3
c5 28. h4 Qf7 29. Qh2 g6 30. h5 gxh5 31. gxh5 Bb7 32. Rd8+ Rxd8 33. Rxd8+ Bc8
34. h6 Kb7 35. Qg2 Bd7 36. Qg7 Re7 37. Qxf7 Rxf7 38. Rg8 c6 39. Rg7 Be8 40. e5
1-0

[Event "10th Edmonton International 2015"]
[Site "Edmonton CAN"]
[Date "2015.06.23"]
[Round "4"]
[White "Shankland, S."]
[Black "Ivanchuk, V."]
[Result "1/2-1/2"]
[WhiteElo "2656"]
[BlackElo "2733"]
[PlyCount "60"]
[EventDate "2015.06.20"]

1. d4 f5 2. Bf4 Nf6 3. e3 e6 4. Nf3 b6 5. Be2 Bb7 6. O-O Be7 7. h3 O-O 8. c4
Ne4 9. Nfd2 Nxd2 10. Nxd2 d6 11. Bf3 Bxf3 12. Nxf3 Nd7 13. Qa4 a5 14. Rfd1 Qe8
15. Qc6 Rc8 16. e4 Nf6 17. Qxe8 Rfxe8 18. exf5 exf5 19. d5 Nd7 20. b3 Bf6 21.
Rac1 Re2 22. Rd2 Rxd2 23. Bxd2 Ne5 24. Nxe5 Bxe5 25. Kf1 Re8 26. Re1 Kf7 27. f4
Bd4 28. Rxe8 Kxe8 29. Ke2 g6 30. Kd3 Bf2 1/2-1/2

[Event "10th Edmonton International 2015"]
[Site "Edmonton CAN"]
[Date "2015.06.23"]
[Round "4"]
[White "Harikrishna, P."]
[Black "Hambleton, A."]
[Result "1-0"]
[WhiteElo "2733"]
[BlackElo "2446"]
[PlyCount "63"]
[EventDate "2015.06.20"]

1. c4 Nf6 2. g3 g6 3. Bg2 Bg7 4. d4 c5 5. Nf3 O-O 6. O-O cxd4 7. Nxd4 Nc6 8.
Nc3 d6 9. Nxc6 bxc6 10. Bxc6 Bh3 11. Bxa8 Qxa8 12. f3 Bxf1 13. Kxf1 Rc8 14. Qd3
Qc6 15. Be3 Qxc4 16. Qxc4 Rxc4 17. Bxa7 Nd7 18. Nd1 Rc2 19. Rb1 Nc5 20. Ne3 Rd2
21. Bxc5 dxc5 22. a4 f5 23. Ke1 Rd4 24. b3 Rd7 25. Nc4 Bc3+ 26. Kf2 Rb7 27. e3
e5 28. Ke2 e4 29. fxe4 fxe4 30. Nd6 Rb4 31. a5 Rb8 32. a6 1-0

[Event "10th Edmonton International 2015"]
[Site "Edmonton CAN"]
[Date "2015.06.23"]
[Round "4"]
[White "Gardner, R."]
[Black "Pechenkin, V."]
[Result "1/2-1/2"]
[WhiteElo "2133"]
[BlackElo "2314"]
[PlyCount "63"]
[EventDate "2015.06.20"]

1. d4 f5 2. Bg5 g6 3. Nc3 Bg7 4. h4 h6 5. Bf4 Nf6 6. f3 d6 7. e4 e5 8. dxe5 Nh5
9. Nge2 dxe5 10. Qxd8+ Kxd8 11. O-O-O+ Bd7 12. Be3 f4 13. Bf2 Rf8 14. Na4 b6
15. Nec3 c6 16. b4 Kc7 17. b5 Nf6 18. bxc6 Bxc6 19. Nb5+ Bxb5 20. Bxb5 Nc6 21.
Nc3 Rad8 22. Nd5+ Nxd5 23. exd5 Nd4 24. Bd3 Rxd5 25. Bxd4 Rxd4 26. Bxg6 Rfd8
27. Rxd4 Rxd4 28. Rd1 Rxd1+ 29. Kxd1 h5 30. Bxh5 Bf6 31. Bg4 Bxh4 32. Kd2
1/2-1/2

[Event "10th Edmonton International 2015"]
[Site "Edmonton CAN"]
[Date "2015.06.23"]
[Round "4"]
[White "Matras Clement, A."]
[Black "Haessel, D."]
[Result "1-0"]
[WhiteElo "2269"]
[BlackElo "2180"]
[PlyCount "51"]
[EventDate "2015.06.20"]

1. e4 e5 2. Bc4 Nf6 3. d3 c6 4. Nf3 d5 5. Bb3 a5 6. Nc3 Bb4 7. a3 Bxc3+ 8. bxc3
a4 9. Ba2 Qc7 10. O-O dxe4 11. Ng5 O-O 12. Nxe4 Nxe4 13. dxe4 Qa5 14. Qf3 Nd7
15. Bg5 Qc5 16. Rfd1 h6 17. Bh4 Nb6 18. Rd8 Nc4 19. Qg3 Rxd8 20. Bxd8 Kf8 21.
Bc7 f6 22. Rd1 Be6 23. Qg6 Bf7 24. Qh7 Rc8 25. Qh8+ Bg8 26. Rd7 1-0

[Event "Asrian Memorial 2015"]
[Site "Yerevan ARM"]
[Date "2015.06.24"]
[Round "9"]
[White "Korobov, Anton"]
[Black "Efimenko, Zahar"]
[Result "1/2-1/2"]
[WhiteElo "2698"]
[BlackElo "2647"]
[PlyCount "131"]
[EventDate "2015.06.16"]

1. d4 Nf6 2. c4 e6 3. Nf3 b6 4. a3 Ba6 5. Qc2 Bb7 6. Nc3 c5 7. e4 cxd4 8. Nxd4
Bc5 9. Nb3 Nc6 10. Nxc5 bxc5 11. Be3 Qe7 12. Qd2 O-O 13. Be2 d6 14. O-O e5 15.
Bd3 Nd4 16. Rab1 a5 17. b4 axb4 18. axb4 Nd7 19. Rfd1 cxb4 20. Rxb4 Nc5 21. Bb1
Nce6 22. Nd5 Bxd5 23. cxd5 Nc5 24. Bxd4 exd4 25. Qxd4 Rfe8 26. g3 Qg5 27. Re1
g6 28. h4 Qg4 29. Qb2 Qh3 30. Re3 Nd7 31. Bd3 Ne5 32. Bf1 Qg4 33. Kg2 Qc8 34.
Bb5 Re7 35. Reb3 Qd8 36. Be2 Rc7 37. Rb8 Rxb8 38. Rxb8 Rc8 39. Rb6 Qe7 40. Rb7
Qe8 41. h5 Nd7 42. Kg1 Nc5 43. Rb4 Qf8 44. Qf6 Re8 45. Bf3 Nd7 46. Qf4 Ne5 47.
Be2 Rb8 48. Rxb8 Qxb8 49. h6 Qf8 50. Bf1 Qc8 51. Qe3 f6 52. Qa7 Qf8 53. Bh3 f5
54. exf5 Qxh6 55. Qb8+ Qf8 56. Qxf8+ Kxf8 57. fxg6 hxg6 58. f4 Nd3 59. Bf1 Nc5
60. Kf2 Kg7 61. Ke3 Kf6 62. Bd3 g5 63. Bc2 Nd7 64. Bd1 gxf4+ 65. Kxf4 Ne5 66.
Ke4 1/2-1/2

[Event "Norway Chess 2015"]
[Site "Stavanger NOR"]
[Date "2015.06.24"]
[Round "8"]
[White "Grischuk, A."]
[Black "Caruana, F."]
[Result "1/2-1/2"]
[WhiteElo "2781"]
[BlackElo "2805"]
[PlyCount "102"]
[EventDate "2015.06.17"]

1. Nf3 Nf6 2. g3 g6 3. d4 d5 4. c4 c6 5. Bg2 Bg7 6. Qb3 O-O 7. Nc3 Qb6 8. O-O
Rd8 9. Na4 Qxb3 10. axb3 Na6 11. Nc3 Bf5 12. Bf4 Nh5 13. Bg5 Nf6 14. Bf4 Nh5
15. Bg5 Nf6 16. Rfc1 h6 17. Bd2 Ne4 18. cxd5 cxd5 19. Be1 Nb8 20. e3 Nc6 21.
Nh4 Nxc3 22. bxc3 Be4 23. Bxe4 dxe4 24. b4 a6 25. c4 e6 26. Rab1 Na7 27. Ng2 g5
28. Bc3 Rac8 29. c5 e5 30. dxe5 Nc6 31. Ne1 Bxe5 32. Kf1 Bxc3 33. Rxc3 Rd2 34.
Rc2 Rcd8 35. b5 axb5 36. Rxd2 Rxd2 37. Rxb5 Nd8 38. Rb4 Ne6 39. Rxb7 Nxc5 40.
Rb5 Nd7 41. h3 Kg7 42. Rb4 f5 43. Rc4 Ne5 44. Rc2 Rd1 45. Ke2 Ra1 46. f4 exf3+
47. Nxf3 Nxf3 48. Kxf3 Rf1+ 49. Kg2 Ra1 50. Kf3 Rf1+ 51. Kg2 Ra1 1/2-1/2

[Event "Norway Chess 2015"]
[Site "Stavanger NOR"]
[Date "2015.06.24"]
[Round "8"]
[White "Carlsen, M."]
[Black "Aronian, L."]
[Result "1-0"]
[WhiteElo "2876"]
[BlackElo "2780"]
[PlyCount "79"]
[EventDate "2015.06.17"]

1. e4 e5 2. Nf3 Nc6 3. Bb5 a6 4. Ba4 Nf6 5. O-O Be7 6. d3 b5 7. Bb3 d6 8. c3
O-O 9. Re1 Na5 10. Bc2 c5 11. Nbd2 Nc6 12. Nf1 h6 13. Ne3 Re8 14. a4 Be6 15. d4
exd4 16. cxd4 Nb4 17. Bb1 bxa4 18. Rxa4 Bf8 19. Ra1 d5 20. e5 Ne4 21. h3 Qb6
22. Nxd5 Bxd5 23. Bxe4 Rad8 24. Bxd5 Rxd5 25. Be3 Red8 26. dxc5 Bxc5 27. Qb3
Bxe3 28. Rxe3 a5 29. e6 fxe6 30. Rae1 R8d6 31. Rc1 Nd3 32. Rc8+ Kh7 33. Qa4
Qxb2 34. Qe4+ Rf5 35. Kh2 Nf4 36. Rc2 Qa1 37. g4 Qf1 38. Ne1 Nh5 39. gxf5 exf5
40. Qc4 1-0